Eleven Letter Geography A-Z Quiz Stats

 Plays Quiz not verified by Sporcle

Challenge
Share
Tweet
Embed
Score 0/26 Timer 06:00
0 Plays Today
Clue Word % Correct
Capital of Malaysia (two words)Kuala Lumpur
92.6%
Queensland's Great coral system (two words)Barrier Reef
89.7%
Famous artificial 48-mile waterway (two words)Panama Canal
89.7%
World's smallest country (two words)Vatican City
89%
New Jersey/New York waterwayHudson River
88.4%
Ones surroundings or conditionsEnvironment
83.8%
U.S. stateMississippi
83.8%
Collection of islands in a seaArchipelago
83.1%
Arizona steep-sided gorge (two words)Grand Canyon
83.1%
European countryNetherlands
83.1%
London Abbey: UNESCO World Heritage siteWestminster
78.7%
One of three major rock typesSedimentary
77.9%
London's main waterway (two words)River Thames
75%
Clue Word % Correct
Former capital of Tanzania (three words)Dar es Salaam
74.3%
Mongolia's capital and largest cityUlaanbaatar
73.5%
Seat of government of a country (two words)Capital City
67.2%
Largest city of Burkina FasoOuagadougou
64%
Map type depicting terrain relief Topographic
63.2%
Waterway called 'China's Sorrow' (two words)Yellow River
62.5%
Places in isolation (after travel)Quarantines
54.4%
Rock that won't let fluid pass through itImpermeable
42.6%
Rigid, outermost shell of the earthLithosphere
34.6%
Small organisms found in aquatic ecosystemsZooplankton
34.6%
9th largest Tennessee municipality (two words)Johnson City
26.5%
Often sodden areas adjacent to streams ...Floodplains
25.2%
Drought-lovingXerophilous
6.6%

You're not logged in!

Compare scores with friends on all Sporcle quizzes.
OR
Log In

You Might Also Like...

Show Comments

Extras

Top Quizzes Today


Score Distribution

Your Account Isn't Verified!

In order to create a playlist on Sporcle, you need to verify the email address you used during registration. Go to your Sporcle Settings to finish the process.

Report this User

Report this user for behavior that violates our Community Guidelines.

Details: